| Tag |
First Indicator |
Second Indicator |
Subfields |
| LEADER |
00000cam a2200000 a 4500 |
| 001 |
in00000070945 |
| 005 |
20151008061959.0 |
| 008 |
770304s1976 dcua 00010 eng d |
| 035 |
|
|
|a (OCoLC)02778048
|
| 035 |
|
|
|9 AAJ9264AM
|
| 040 |
|
|
|a SLC
|c SLC
|d MNM
|d OCL
|d m.c.
|d TXA
|d UtOrBLW
|
| 049 |
|
|
|a TXAM
|c [1481145]
|
| 090 |
|
|
|a HT177.B4
|b U7
|
| 110 |
2 |
|
|a Urban Land Institute.
|
| 245 |
1 |
0 |
|a Bethlehem, Pennsylvania :
|b recommendations for the revitalization of the downtown business district for the city of Bethlehem, Pennsylvania :
|b a panel service report /
|c by ULI-the Urban Land Institute.
|
| 264 |
|
1 |
|a Washington, D.C. :
|b The Institute,
|c [1976]
|
| 264 |
|
4 |
|c ©1976
|
| 300 |
|
|
|a 37 pages :
|b illustrations ;
|c 28 cm.
|
| 336 |
|
|
|a text
|b txt
|2 rdacontent
|
| 337 |
|
|
|a unmediated
|b n
|2 rdamedia
|
| 338 |
|
|
|a volume
|b nc
|2 rdacarrier
|
| 650 |
|
0 |
|a Urban renewal
|z Pennsylvania
|z Bethlehem.
|
| 650 |
|
0 |
|a City planning
|z Pennsylvania
|z Bethlehem.
|
| 999 |
|
|
|a MARS
|
| 999 |
f |
f |
|s 6e227234-012e-386c-8c82-d9ec04b2827e
|i 73cba8f6-c191-3270-a72d-59ae0a843e6e
|t 0
|
| 952 |
f |
f |
|p ric
|a Texas A&M University
|b Rellis Campus
|c Joint Library Facility
|d Remote Storage
|t 0
|e HT177.B4 U7
|h Library of Congress classification
|i unmediated -- volume
|m A14806144744
|
| 998 |
f |
f |
|a HT177.B4 U7
|t 0
|l Remote Storage
|